01368nam a2200265Ia 4500003000400000005001700004008004100021020003000062040001700092082001900109100002300128245006500151250005200216260003600268300003100304650003100335700001500366942000900381952013500390952015900525952013500684952013500819952013500954999001301089IIN20240102143911.0231217s9999 xx 000 0 und d cRs.2799.00a9789387963726 aIINbEnglish a610.73677bSHA1 a Sharma, Suresh K.1 a Textbook of Medical- Surgical NursingcBrunner and Suddarth a South Asia edbSuresh K. Sharma and S. Madhavi bWolters KluweraNew Delhic2019 axiii, 1107-2186 p. / Vol.21 aMedical Surgical vNursing1 aMadhavi, S cBOOK 00102ddc40708Purches BookaIINbIINd2023-12-17g2799.00l0o610.73677 SHAp163r2023-12-17 21:32:13tVol. 2w2023-12-17yBOOK 00102ddc40708Purches BookaIINbIINd2023-12-17g2799.00l1o610.73677 SHAp164q2026-02-12r2026-02-05 11:42:33s2026-02-05tVol. 2w2023-12-17yBOOK 00102ddc40708Purches BookaIINbIINd2023-12-17g2799.00l0o610.73677 SHAp165r2023-12-17 21:32:13tVol. 2w2023-12-17yBOOK 00102ddc40708Purches BookaIINbIINd2023-12-17g2799.00l0o610.73677 SHAp166r2023-12-17 21:32:13tVol. 2w2023-12-17yBOOK 00102ddc40708Purches BookaIINbIINd2023-12-17g2799.00l0o610.73677 SHAp167r2023-12-17 21:32:13tVol. 2w2023-12-17yBOOK c168d168